Catalog

Record Details

Catalog Search



Akty Jednoty bratrské / Sv. 1. Cover Image Book Book

Akty Jednoty bratrské / Jaroslav Bidlo ; Redigoval Boh. Navrátil Sv. 1.

Bidlo, Jaroslav (Author). Navrátil, Bohuslav (Added Author).

Record details

  • Physical Description: 702 s.
  • Publisher: Brno Historická komise při Matici moravské 1915

Available copies

  • 2 of 2 copies available at Common Catalog SPOK.

Holds

  • 0 current holds with 2 total copies.
Show All Copies
Location Call Number / Copy Notes Barcode Shelving Location Status Due Date
ETS Library 284.3 424470000753 Volný výběr Available -
ETS Library 284.3 424470002536 Volný výběr Available -

LDR 00782nam a2 00253
00140907
003CZ-PrJAB
00520030408000000.0
008030307s1915 xr e |||| |cze
009cz
035 . ‡a(CONS)123
035 . ‡aKPS4048
041 . ‡acze
08214. ‡a284.3
100 . ‡73503 ‡aBidlo, Jaroslav
245 . ‡aAkty Jednoty bratrské / ‡cJaroslav Bidlo ; Redigoval Boh. Navrátil ‡nSv. 1.
260 . ‡aBrno ‡bHistorická komise při Matici moravské ‡c1915
300 . ‡a702 s.
490 . ‡aPrameny dějin moravských ‡vsv. 3.
653 . ‡aAkty Jednoty bratrské
700 . ‡73504 ‡aNavrátil, Bohuslav
8524 . ‡bETS ‡bETS ‡cVolný výběr ‡j284.3 ‡gP ‡p424470002536 ‡xreference
8524 . ‡bETS ‡bETS ‡cVolný výběr ‡j284.3 ‡gA ‡p424470000753
910 . ‡aABG450
999 . ‡a123 ‡bAUTOGEN ‡c123 ‡tbiblio
905 . ‡uadmin
901 . ‡a40907 ‡b ‡c40907 ‡tbiblio ‡sets

Additional Resources